The success principles : how to get from where you are to where you want to be

Bibliographic Details
Main Author: Canfield, Jack Switzer
Format: Book
Published: New York : HarperCollins Publishers , 2005
Subjects:

MARC

LEADER 00000cam a2200000 7i4500
001 0000012174
005 20080711.0
008 071205
020 |a 0060594888 
090 0 0 |a 158   |b CAN 
100 1 |a Canfield, Jack Switzer 
245 1 4 |a The success principles :   |b how to get from where you are to where you want to be   |c Jack Switzer Canfield 
260 |a New York :   |b HarperCollins Publishers ,   |c 2005 
650 0 |a Success   |x Psychological aspects 
999 |a 0001003660   |b Book   |c Adult Collection   |e Perbadanan Perpustakaan Awam Johor 
999 |a 0001003661   |b Book   |c Adult Collection   |e Perbadanan Perpustakaan Awam Johor 
999 |a 0001003662   |b Book   |c Adult Collection   |e Perbadanan Perpustakaan Awam Johor